000 01685cab a22001935a 4500
001 L137505
008 070412e xxk 000 0 eng d
035 _a(Sirsi) u137505
041 0 _aeng
245 0 0 _aJacklin and Anor v Chief Constable of West Yorkshire
_h[electronic resource]
520 _a[2007] EWCA Civ 181, 16 February 2007. The appellant police authority appealed against a decision of a judge to grant an injunction in favour of the respondent as opposed to damages in lieu in respect of a stretch of land over which the respondent had a right of way. The police authority carried out substantial construction work that involved reorganising the traffic flow of the site and placing a container across the relevant stretch, which prevented the passage of vehicles. More than three years later, the respondent brought proceedings. The police authority submitted that the judge had erred as he did not give proper consideration to the long period of delay between the time when the respondent had knowledge of the police authority 's proposed alterations and the time when he brought proceedings. ?Held?: the judge found that the respondent had protested orally against the proposed alterations before any work had taken place but the police authority had proceeded regardless without seeking to clarify the respondent 's position.
590 _aKA
650 2 4 _aJACKLIN V THE CHIEF CONSTABLE OF WEST YORKSHIRE
650 2 4 _aSHELFER V CITY OF LONDON ELECTRIC LIGHTING CO
651 4 _aEngland
_y886-
690 _aBoundary disputes
_96221
856 4 0 _uhttps://www.bailii.org/ew/cases/EWCA/Civ/2007/181.html
_zView the item free of charge at www.bailii.org...
942 _n0
999 _c78640
_d78640